[Event "Mar del Plata op 53rd"]
[Site "Mar del Plata"]
[Date "2024.03.28"]
[Round "6"]
[White "Petti, Luca Giovanni"]
[Black "Marrujo Pardo, Mauricio Emmanuel"]
[Result "1-0"]
[WhiteElo "2057"]
[BlackElo "2337"]
[PlyCount "99"]
[EventDate "2024.03.23"]
[EventType "swiss"]
[EventRounds "9"]
[EventCountry "ARG"]
[SourceTitle "CB14_2024"]
[SourceDate "2024.04.01"]
[SourceVersion "1"]
[SourceVersionDate "2024.04.01"]
[SourceQuality "1"]

1. e4 e5 2. Nf3 Nc6 3. Bc4 Nf6 4. d3 h6 5. c3 d6 6. 0-0 g5 7. Re1 Bg7 8. d4 Bd7 9. dxe5 dxe5 10. Nbd2 0-0 11. Nf1 Bg4 12. Qe2 Ne8 13. Ne3 Bh5 14. Nf5 Nd6 15. Rd1 Qf6 16. Nxd6 cxd6 17. Bd5 Rfc8 18. a4 Rc7 19. h3 Nd8 20. g4 Bg6 21. a5 a6 22. Be3 Ne6 23. Ra4 Nf4 24. Bxf4 gxf4 25. Rb4 Rb8 26. Rb6 Bf8 27. Qc2 Kh8 28. Qb3 h5 29. g5 Qd8 30. Bxb7 Rbxb7 31. Rxb7 Bxe4 32. Rxc7 Bxf3 33. Rxf7 Qxg5+ 34. Kf1 Qg2+ 35. Ke1 Qg1+ 36. Kd2 Qxf2+ 37. Kc1 Qe3+ 38. Kb1 Bg7 39. Rxd6 Be4+ 40. Ka2 Qc5 41. Rh6+ Bxh6 42. Qb8+ Bf8 43. Rxf8+ Kg7 44. Rg8+ Kf6 45. Qd8+ Ke6 46. Re8+ Kf7 47. Qd7+ Kf6 48. Re6+ Kg5 49. Qd8+ Kf5 50. Qf6# 1-0

[Event "Santa Fe Dos Orillas op 12th"]
[Site "Santa Fe"]
[Date "2023.10.15"]
[Round "4"]
[White "Petti, Luca Giovanni"]
[Black "Parrilla, Juan Jose"]
[Result "1/2-1/2"]
[WhiteElo "2161"]
[BlackElo "1802"]
[PlyCount "86"]
[EventDate "2023.10.13"]
[EventType "swiss"]
[EventRounds "7"]
[EventCountry "ARG"]
[SourceTitle "Mega2024 Update 01"]
[Source "Chessbase"]
[SourceDate "2023.11.12"]
[SourceVersion "1"]
[SourceVersionDate "2023.11.12"]
[SourceQuality "1"]

1. e4 c5 2. Nf3 d6 3. d4 cxd4 4. Nxd4 Nf6 5. Nc3 a6 6. f3 e5 7. Nb3 Be6 8. Be3 h5 9. Nd5 Bxd5 10. exd5 Nbd7 11. Qd2 g6 12. Be2 Bg7 13. 0-0 0-0 14. Na5 Qc7 15. c4 e4 16. f4 Ng4 17. Bxg4 hxg4 18. Rad1 f5 19. b4 b6 20. Nc6 Nb8 21. Nd4 Bxd4 22. Bxd4 Nd7 23. Qc3 a5 24. a3 Rf7 25. Rb1 Qd8 26. Qe3 Rf8 27. Rb2 axb4 28. axb4 Qc7 29. Rc1 Ra7 30. Qf2 Qd8 31. Ra2 Rxa2 32. Qxa2 Re8 33. Re1 Qc7 34. Rc1 e3 35. Re1 Re4 36. Qa1 Rxf4 37. Bh8 Nf8 38. c5 bxc5 39. bxc5 e2 40. Bd4 dxc5 41. Be5 Rf1+ 42. Rxf1 exf1R+ 43. Kxf1 Qb7 1/2-1/2

[Event "Santa Fe Dos Orillas op 12th"]
[Site "Santa Fe"]
[Date "2023.10.15"]
[Round "5"]
[White "Petti, Luca Giovanni"]
[Black "Raviolo, Ignacio"]
[Result "1-0"]
[WhiteElo "2161"]
[BlackElo "2150"]
[PlyCount "133"]
[EventDate "2023.10.13"]
[EventType "swiss"]
[EventRounds "7"]
[EventCountry "ARG"]
[SourceTitle "Mega2024 Update 01"]
[Source "Chessbase"]
[SourceDate "2023.11.12"]
[SourceVersion "1"]
[SourceVersionDate "2023.11.12"]
[SourceQuality "1"]

1. e4 e6 2. d4 d5 3. Nc3 dxe4 4. Nxe4 Nd7 5. Nf3 Ngf6 6. Nxf6+ Nxf6 7. Be3 Bd6 8. Bd3 b6 9. Qe2 Bb7 10. 0-0-0 0-0 11. Bg5 h6 12. Bh4 c5 13. dxc5 bxc5 14. Ne5 Qe7 15. Kb1 Bxe5 16. Qxe5 Rfd8 17. f3 Rd5 18. Bxf6 gxf6 19. Qf4 Kg7 20. h4 Rd4 21. Qg3+ Kh8 22. c3 Rg8 23. Qf2 Rdd8 24. Qe3 Kg7 25. g4 Rh8 26. g5 hxg5 27. hxg5 fxg5 28. Rhg1 Rh5 29. f4 g4 30. Rxg4+ Kf8 31. f5 Rd5 32. c4 Rd4 33. Rxd4 cxd4 34. Qxd4 exf5 35. Qxa7 Bf3 36. Qb8+ Qe8 37. Qd6+ Qe7 38. Qb8+ Qe8 39. Qxe8+ Kxe8 40. Re1+ Kd7 41. Kc2 Kd6 42. Re3 Bc6 43. b4 f4 44. Re2 f3 45. Rf2 Ke5 46. b5 Bb7 47. c5 Bd5 48. c6 Kf4 49. c7 Be6 50. Be2 Rc5+ 51. Kd2 Rxc7 52. Rxf3+ Ke5 53. a4 Bd5 54. Ra3 Kd6 55. a5 Re7 56. b6 Kc6 57. Rc3+ Kb7 58. Bg4 Ka6 59. Rc5 Be4 60. Kc3 Bb7 61. Bf5 Be4 62. Bh3 Bf3 63. Bf1+ Kb7 64. Kb4 Re1 65. Rc7+ Kb8 66. a6 Rxf1 67. a7+ 1-0

[Event "Buenos Aires 9 July op 5th"]
[Site "Buenos Aires"]
[Date "2023.05.25"]
[Round "2"]
[White "Acosta, Pablo Ismael"]
[Black "Petti, Luca Giovanni"]
[Result "1/2-1/2"]
[WhiteElo "2491"]
[BlackElo "2071"]
[PlyCount "101"]
[EventDate "2023.05.25"]
[EventType "swiss"]
[EventRounds "7"]
[EventCountry "ARG"]
[SourceTitle "CBM 214 Extra"]
[Source "ChessBase"]
[SourceDate "2023.07.31"]
[SourceVersion "1"]
[SourceVersionDate "2023.07.31"]
[SourceQuality "1"]

1. c4 e5 2. g3 Nf6 3. Bg2 c6 4. d4 e4 5. Nc3 d5 6. f3 Bb4 7. a3 Qa5 8. Qb3 Bxc3+ 9. Qxc3 Qxc3+ 10. bxc3 exf3 11. Nxf3 dxc4 12. Ne5 Nd5 13. Bd2 Nb6 14. a4 a5 15. e4 f6 16. Nf3 0-0 17. 0-0 Bg4 18. Bf4 N8d7 19. Rfb1 Rfe8 20. Bc7 Ra6 21. h3 Rc8 22. Bd6 Bxf3 23. Bxf3 Re8 24. Kf2 Nc8 25. Bc7 b6 26. Be2 Ra7 27. Bxc4+ Kf8 28. Bf4 g5 29. Bc1 Nd6 30. Ba3 c5 31. Bd3 Nxe4+ 32. Bxe4 Rxe4 33. Kf3 f5 34. Re1 Rxe1 35. Rxe1 Kf7 36. g4 f4 37. d5 Ra8 38. h4 h6 39. c4 Re8 40. Rxe8 Kxe8 41. Bb2 Kf7 42. Bc3 Nf6 43. Be5 Ne8 44. Bb8 Nf6 45. Bc7 Nd7 46. hxg5 hxg5 47. Ke4 Nf6+ 48. Kf3 Nd7 49. Bd6 Nf6 50. Bb8 Nd7 51. Bc7 1/2-1/2

[Event "ARG-ch sf 98th"]
[Site "Buenos Aires"]
[Date "2023.04.30"]
[Round "2"]
[White "Campos, Maria Jose"]
[Black "Petti, Luca Giovanni"]
[Result "1-0"]
[WhiteElo "2236"]
[BlackElo "2023"]
[PlyCount "73"]
[EventDate "2023.04.29"]
[EventType "swiss"]
[EventRounds "9"]
[EventCountry "ARG"]
[SourceTitle "CBM 214 Extra"]
[Source "ChessBase"]
[SourceDate "2023.07.31"]
[SourceVersion "1"]
[SourceVersionDate "2023.07.31"]
[SourceQuality "1"]

1. c4 e5 2. g3 c6 3. Nf3 e4 4. Nd4 d5 5. Bg2 Nf6 6. cxd5 cxd5 7. 0-0 Bc5 8. Nb3 Bb6 9. Nc3 0-0 10. Na4 Bc7 11. d3 Qe8 12. Nc3 Bb6 13. Bg5 Nbd7 14. Na4 Bc7 15. Rc1 Bb8 16. Nac5 Nxc5 17. Nxc5 b6 18. Nxe4 dxe4 19. Bxf6 gxf6 20. Bxe4 Bh3 21. Bxa8 Bxf1 22. Kxf1 Qe5 23. Qd2 Qh5 24. Bf3 Qxh2 25. Rc4 Qh3+ 26. Kg1 Qe6 27. Re4 Qd6 28. Rg4+ Kh8 29. Qh6 Rg8 30. Be4 f5 31. Rxg8+ Kxg8 32. Qg5+ Kf8 33. Qxf5 h6 34. Bd5 Qc7 35. Qf6 Kg8 36. Qxh6 Qc1+ 37. Qxc1 1-0

[Event "Montevideo Duchamp Cup 6th"]
[Site "Montevideo"]
[Date "2023.02.11"]
[Round "9"]
[White "Petti, Luca Giovanni"]
[Black "Cayetano, Juan"]
[Result "1-0"]
[WhiteElo "2009"]
[BlackElo "1677"]
[PlyCount "97"]
[EventDate "2023.02.03"]
[EventType "swiss"]
[EventRounds "9"]
[EventCountry "URU"]
[SourceTitle "CBM 212 Extra"]
[Source "ChessBase"]
[SourceDate "2023.03.31"]
[SourceVersion "1"]
[SourceVersionDate "2023.03.31"]
[SourceQuality "1"]

1. e4 e6 2. d4 d5 3. Nc3 Bb4 4. e5 c5 5. a3 Ba5 6. b4 cxd4 7. Qg4 Ne7 8. bxa5 dxc3 9. Qxg7 Rg8 10. Qxh7 Nbc6 11. Nf3 Qxa5 12. Bf4 Qa4 13. Bg3 Qe4+ 14. Qxe4 dxe4 15. Ng1 Nd4 16. 0-0-0 Nef5 17. Ne2 Nb5 18. a4 Nc7 19. Nxc3 Bd7 20. Nxe4 Ke7 21. Nf6 Rgd8 22. Nxd7 Rxd7 23. Rxd7+ Kxd7 24. Bc4 a6 25. a5 Kc6 26. Bf4 Rg8 27. g3 Kc5 28. Bd3 Nd5 29. Kd2 Nxf4 30. gxf4 Rh8 31. Bxf5 exf5 32. Ke2 Kd4 33. Rb1 Rb8 34. Rb6 Rc8 35. Rb4+ Kd5 36. Kd3 Rh8 37. Rxb7 Rxh2 38. Rxf7 Rxf2 39. Rxf5 Rf3+ 40. Ke2 Ra3 41. Rh5 Kd4 42. Rg5 Ke4 43. e6 Kxf4 44. Re5 Kxe5 45. e7 Kd4 46. e8Q Kc3 47. Qc6+ Kb2 48. Kd2 Rxa5 49. Qc3+ 1-0

[Event "Montevideo Duchamp Cup 6th"]
[Site "Montevideo"]
[Date "2023.02.09"]
[Round "7"]
[White "Francisco Guecamburu, Candela Be"]
[Black "Petti, Luca Giovanni"]
[Result "1-0"]
[WhiteElo "2279"]
[BlackElo "2009"]
[PlyCount "67"]
[EventDate "2023.02.03"]
[EventType "swiss"]
[EventRounds "9"]
[EventCountry "URU"]
[SourceTitle "CBM 212 Extra"]
[Source "ChessBase"]
[SourceDate "2023.03.31"]
[SourceVersion "1"]
[SourceVersionDate "2023.03.31"]
[SourceQuality "1"]

1. e4 e5 2. Nf3 Nc6 3. Bb5 a6 4. Ba4 Nf6 5. d3 b5 6. Bb3 Bc5 7. c3 d6 8. Bg5 h6 9. Bh4 Bb6 10. Nbd2 Bd7 11. Qe2 Na5 12. Bc2 c5 13. Nf1 Nc6 14. Ne3 Be6 15. h3 Nb8 16. g4 Nbd7 17. Bg3 g6 18. 0-0 Qc7 19. Rfd1 Rc8 20. Rac1 Qa7 21. a4 bxa4 22. Bxa4 0-0 23. Kh2 Kg7 24. Rg1 Nh7 25. c4 Ndf6 26. Nh4 Rg8 27. f4 Bc7 28. Rcf1 exf4 29. Bxf4 Ng5 30. Qd2 Qb6 31. Nef5+ Kh7 32. Nxh6 Ngxe4 33. dxe4 Rge8 34. Bxe8 1-0

[Event "Montevideo Duchamp Cup 6th"]
[Site "Montevideo"]
[Date "2023.02.08"]
[Round "6"]
[White "Petti, Luca Giovanni"]
[Black "Rodi, Luis Ernesto"]
[Result "1/2-1/2"]
[WhiteElo "2009"]
[BlackElo "2295"]
[PlyCount "135"]
[EventDate "2023.02.03"]
[EventType "swiss"]
[EventRounds "9"]
[EventCountry "URU"]
[SourceTitle "CBM 212 Extra"]
[Source "ChessBase"]
[SourceDate "2023.03.31"]
[SourceVersion "1"]
[SourceVersionDate "2023.03.31"]
[SourceQuality "1"]

1. e4 e5 2. Nf3 Nc6 3. Bc4 Bc5 4. c3 Nf6 5. b4 Bb6 6. d3 d6 7. a4 a6 8. Nbd2 Ne7 9. 0-0 Ng6 10. Bb3 c6 11. Nc4 Bc7 12. Re1 0-0 13. a5 Re8 14. Be3 d5 15. Nb6 Rb8 16. Nxc8 Rxc8 17. Bg5 dxe4 18. dxe4 Bd6 19. Qd3 Qe7 20. Rad1 Red8 21. Qc4 h6 22. Be3 Ne8 23. g3 Bc7 24. Bc5 Qf6 25. Qe2 Nf8 26. Kg2 Ne6 27. Be3 Nd6 28. Qc2 Nb5 29. Nh4 Bd6 30. Bb6 Bc7 31. Be3 Bd6 32. Bb6 Bc7 33. Be3 Rxd1 34. Rxd1 Rd8 35. Rxd8+ Qxd8 36. Nf3 Qd7 37. Nd2 Kh7 38. Ba2 Bd8 39. Nc4 Bc7 40. Nd2 Kg8 41. Nb3 Bd6 42. Qd2 Qe7 43. Qd3 Kf8 44. c4 Nbd4 45. c5 Bc7 46. Nxd4 Nxd4 47. Bxd4 Qd7 48. Kf1 exd4 49. Ke2 g5 50. Qf3 Be5 51. Kd3 Kg7 52. Qh5 Qe7 53. Qg4 Bc7 54. f4 Bxa5 55. bxa5 Qxc5 56. Qd1 Qc3+ 57. Ke2 Qe3+ 58. Kf1 Qxe4 59. Qb3 Qh1+ 60. Kf2 Qxh2+ 61. Ke1 Qg1+ 62. Ke2 Qg2+ 63. Kd1 Qf1+ 64. Kd2 Qf2+ 65. Kd1 Qf1+ 66. Kd2 Qf2+ 67. Kd1 Qf1+ 68. Kd2 1/2-1/2

[Event "Montevideo Duchamp Cup 6th"]
[Site "Montevideo"]
[Date "2023.02.07"]
[Round "5"]
[White "Petti, Luca Giovanni"]
[Black "Bonjorn, Pablo"]
[Result "1-0"]
[WhiteElo "2009"]
[BlackElo "1911"]
[PlyCount "107"]
[EventDate "2023.02.03"]
[EventType "swiss"]
[EventRounds "9"]
[EventCountry "URU"]
[SourceTitle "CBM 212 Extra"]
[Source "ChessBase"]
[SourceDate "2023.03.31"]
[SourceVersion "1"]
[SourceVersionDate "2023.03.31"]
[SourceQuality "1"]

1. e4 e5 2. Nf3 Nf6 3. Nxe5 d6 4. Nf3 Nxe4 5. Nc3 Nxc3 6. dxc3 Be7 7. Bf4 Nc6 8. Qd2 Bf5 9. 0-0-0 Qd7 10. h3 0-0-0 11. Nd4 Nxd4 12. Qxd4 Kb8 13. Bc4 Bf6 14. Qd2 Rhe8 15. Bg5 Bxg5 16. Qxg5 f6 17. Qd2 Be6 18. Bxe6 Rxe6 19. Rhe1 Rde8 20. Rxe6 Qxe6 21. b3 b6 22. Qd4 Qf5 23. Rd2 Qc5 24. g3 Qf5 25. h4 Re4 26. Qd5 Re1+ 27. Kb2 Qxd5 28. Rxd5 Re2 29. Rf5 Kc8 30. c4 Kd7 31. Kc3 Ke6 32. Rf3 f5 33. Kd3 Re4 34. Kd2 Ke5 35. Rd3 Rd4 36. Ke3 Rxd3+ 37. cxd3 f4+ 38. gxf4+ Kf5 39. Kf3 g6 40. b4 c6 41. b5 c5 42. Kg3 Kf6 43. Kg4 h6 44. Kf3 Kf5 45. Kg3 Ke6 46. Kg4 Kf6 47. a3 Ke6 48. f5+ gxf5+ 49. Kh5 Kf6 50. Kxh6 f4 51. h5 f3 52. a4 Kf7 53. Kg5 Kg7 54. h6+ 1-0

[Event "Corrientes Mayor Rosarino op"]
[Site "Corrientes"]
[Date "2022.10.10"]
[Round "9"]
[White "Petti, Luca Giovanni"]
[Black "Gutierrez, Ramiro1111"]
[Result "1-0"]
[WhiteElo "1912"]
[BlackElo "1864"]
[PlyCount "45"]
[EventDate "2022.10.06"]
[EventType "swiss"]
[EventRounds "9"]
[EventCountry "ARG"]
[SourceTitle "CBM 210 Extra"]
[Source "ChessBase"]
[SourceDate "2022.11.30"]
[SourceVersion "1"]
[SourceVersionDate "2022.11.30"]
[SourceQuality "1"]

1. e4 e5 2. Nf3 Nf6 3. Nxe5 d6 4. Nf3 Nxe4 5. c4 c6 6. Nc3 Nxc3 7. dxc3 Be7 8. Bf4 0-0 9. Bd3 d5 10. cxd5 Qxd5 11. Qc2 g6 12. 0-0 Bg4 13. Ne5 Bd6 14. Nxg4 Nd7 15. Bxd6 Qxd6 16. Rad1 Qf4 17. Be2 h5 18. g3 Qc7 19. Rxd7 Qc8 20. Nf6+ Kg7 21. Qd2 Rd8 22. Nxh5+ gxh5 23. Qg5+ 1-0

[Event "Corrientes Mayor Rosarino op"]
[Site "Corrientes"]
[Date "2022.10.07"]
[Round "3"]
[White "Petti, Luca Giovanni"]
[Black "Acevedo, Raul"]
[Result "1-0"]
[WhiteElo "1912"]
[BlackElo "2021"]
[PlyCount "75"]
[EventDate "2022.10.06"]
[EventType "swiss"]
[EventRounds "9"]
[EventCountry "ARG"]
[SourceTitle "CBM 210 Extra"]
[Source "ChessBase"]
[SourceDate "2022.11.30"]
[SourceVersion "1"]
[SourceVersionDate "2022.11.30"]
[SourceQuality "1"]

1. e4 e6 2. d4 d5 3. Nc3 Bb4 4. e5 c5 5. Bd2 cxd4 6. Nb5 Bc5 7. b4 a6 8. bxc5 axb5 9. Qg4 Ne7 10. Qxg7 Rg8 11. Qxh7 Qc7 12. f4 Qxc5 13. Rb1 d3 14. cxd3 Rxa2 15. Ne2 Qc2 16. Rd1 Nbc6 17. h4 b4 18. h5 b3 19. Nc3 Rb2 20. h6 Rg6 21. Qh8+ Kd7 22. h7 d4 23. Na4 Rb1 24. Rxb1 Qxb1+ 25. Ke2 Qc2 26. Qf8 Nb4 27. Nb2 Qxb2 28. h8Q Nbc6 29. Qxf7 Qc2 30. Rh7 Rg3 31. Qfe8+ Kc7 32. Qxc8+ Kb6 33. Rxe7 Re3+ 34. Kf2 Qxd2+ 35. Kg1 Rxd3 36. Qxb7+ Kc5 37. Qxc6+ Kxc6 38. Qc8+ 1-0

[Event "ARG-ch sf 97th"]
[Site "Buenos Aires"]
[Date "2022.09.14"]
[Round "8"]
[White "Petti, Luca Giovanni"]
[Black "Yeza, Tiago"]
[Result "1-0"]
[WhiteElo "1855"]
[BlackElo "1760"]
[PlyCount "59"]
[EventDate "2022.09.08"]
[EventType "swiss"]
[EventRounds "9"]
[EventCountry "ARG"]
[SourceTitle "CBM 210 Extra"]
[Source "ChessBase"]
[SourceDate "2022.11.30"]
[SourceVersion "1"]
[SourceVersionDate "2022.11.30"]
[SourceQuality "1"]

1. e4 e5 2. Nf3 Nf6 3. Nxe5 d6 4. Nf3 Nxe4 5. c4 Nc6 6. d3 Nf6 7. d4 Be7 8. d5 Nb8 9. Nc3 0-0 10. Bd3 Bg4 11. h3 Bh5 12. Bf4 Nbd7 13. g4 Bg6 14. Bxg6 hxg6 15. Qd2 Nc5 16. 0-0-0 Nfe4 17. Nxe4 Nxe4 18. Qc2 Nc5 19. h4 a5 20. g5 a4 21. h5 a3 22. b4 Na4 23. hxg6 fxg6 24. Qxg6 Nc3 25. Qe6+ Rf7 26. g6 Nxa2+ 27. Kd2 Qe8 28. gxf7+ Qxf7 29. Rh8+ Kxh8 30. Qxf7 1-0

[Event "ARG-ch sf 97th"]
[Site "Buenos Aires"]
[Date "2022.09.12"]
[Round "6"]
[White "Petti, Luca Giovanni"]
[Black "Beroiz, Julian"]
[Result "0-1"]
[WhiteElo "1855"]
[BlackElo "2085"]
[PlyCount "80"]
[EventDate "2022.09.08"]
[EventType "swiss"]
[EventRounds "9"]
[EventCountry "ARG"]
[SourceTitle "CBM 210 Extra"]
[Source "ChessBase"]
[SourceDate "2022.11.30"]
[SourceVersion "1"]
[SourceVersionDate "2022.11.30"]
[SourceQuality "1"]

1. e4 c5 2. Nf3 Nc6 3. d4 cxd4 4. Nxd4 Nf6 5. Nc3 e5 6. Ndb5 d6 7. Bg5 a6 8. Na3 b5 9. Bxf6 gxf6 10. Nd5 Bg7 11. c3 f5 12. Bd3 Ne7 13. Nxe7 Qxe7 14. exf5 Bb7 15. Qg4 0-0 16. 0-0 Kh8 17. f3 Rg8 18. Qh3 Qg5 19. Nc2 d5 20. f4 exf4 21. Nd4 Bf6 22. Rae1 Rae8 23. Qf3 Be5 24. Kh1 Qg7 25. Qf2 Qh6 26. Nf3 f6 27. Qb6 Qg7 28. Rg1 d4 29. Be4 Bxe4 30. Rxe4 dxc3 31. bxc3 Rc8 32. Nxe5 fxe5 33. Ree1 Rxc3 34. Qxa6 Rc2 35. f6 Qg6 36. Qxb5 f3 37. g4 f2 38. Qxe5 fxg1Q+ 39. Rxg1 Qf7 40. Rd1 Qb7+ 0-1

[Event "ARG-ch sf 97th"]
[Site "Buenos Aires"]
[Date "2022.09.10"]
[Round "3"]
[White "Petti, Luca Giovanni"]
[Black "Aranda, Juan Manuel"]
[Result "0-1"]
[WhiteElo "1855"]
[BlackElo "2201"]
[PlyCount "84"]
[EventDate "2022.09.08"]
[EventType "swiss"]
[EventRounds "9"]
[EventCountry "ARG"]
[SourceTitle "CBM 210 Extra"]
[Source "ChessBase"]
[SourceDate "2022.11.30"]
[SourceVersion "1"]
[SourceVersionDate "2022.11.30"]
[SourceQuality "1"]

1. e4 d6 2. d4 g6 3. Nc3 Bg7 4. Bg5 c6 5. Qd2 Qa5 6. Nf3 b5 7. a3 Nd7 8. Bd3 Nb6 9. Ne2 Qxd2+ 10. Bxd2 Bg4 11. 0-0 Nc4 12. Bc3 Nf6 13. b3 Nb6 14. Nd2 0-0 15. h3 Bd7 16. Rac1 a5 17. Bb2 a4 18. b4 Nc4 19. Bxc4 bxc4 20. e5 Nd5 21. Nxc4 c5 22. exd6 cxb4 23. dxe7 Rfe8 24. Rfe1 Rxe7 25. axb4 Bb5 26. Ne5 a3 27. Ba1 Bxe2 28. Rxe2 f6 29. c4 Nxb4 30. Rb1 Nc6 31. Rb6 Nd8 32. d5 fxe5 33. Re4 Rb7 34. c5 Rxb6 35. cxb6 Nb7 36. Rb4 e4 37. Bxg7 Kxg7 38. Rb1 Kf6 39. f4 exf3 40. gxf3 a2 41. Ra1 Ke5 42. Kf2 Kxd5 0-1

[Event "Wch FIDE Online U12 America qual"]
[Site "Tornelo INT"]
[Date "2020.12.03"]
[Round "4"]
[White "Petti, Luca Giovanni"]
[Black "Cabiativa, Juan Esteban"]
[Result "1-0"]
[WhiteElo "1334"]
[BlackElo "1629"]
[PlyCount "65"]
[EventDate "2020.12.01"]
[EventType "swiss (rapid)"]
[EventRounds "7"]
[EventCountry "ISS"]
[SourceTitle "EXT 2022"]
[Source "ChessBase"]
[SourceDate "2021.10.06"]
[SourceVersion "1"]
[SourceVersionDate "2021.10.06"]
[SourceQuality "1"]

1. e4 c5 2. Nf3 e6 3. c4 a6 4. Nc3 Qc7 5. d4 cxd4 6. Nxd4 Nf6 7. Be3 Be7 8. Be2 b6 9. 0-0 Bb7 10. f3 0-0 11. Qd2 d6 12. Rac1 Nbd7 13. Rfd1 Rfc8 14. Qe1 Rab8 15. Qg3 Qd8 16. Bd3 Ne5 17. b3 Nxd3 18. Rxd3 Ba8 19. e5 Ne8 20. Rcd1 Rb7 21. f4 Rd7 22. f5 Bh4 23. Qg4 dxe5 24. Nxe6 Rxd3 25. Nxd8 Rxe3 26. Qxh4 Rxc3 27. Nxf7 Kxf7 28. Rd7+ Kg8 29. Qe7 Rc1+ 30. Kf2 Rc2+ 31. Ke1 Rc7 32. Qf7+ Kh8 33. Qxe8# 1-0

[Event "Wch FIDE Online U12 America qual"]
[Site "Tornelo INT"]
[Date "2020.12.02"]
[Round "2"]
[White "Petti, Luca Giovanni"]
[Black "Riveros Rodriguez, Yeral Manuel"]
[Result "1-0"]
[WhiteElo "1334"]
[BlackElo "1465"]
[PlyCount "45"]
[EventDate "2020.12.01"]
[EventType "swiss (rapid)"]
[EventRounds "7"]
[EventCountry "ISS"]
[SourceTitle "EXT 2022"]
[Source "ChessBase"]
[SourceDate "2021.10.06"]
[SourceVersion "1"]
[SourceVersionDate "2021.10.06"]
[SourceQuality "1"]

1. e4 e6 2. d4 d5 3. Nc3 Nf6 4. Bg5 Be7 5. e5 Nfd7 6. Bxe7 Qxe7 7. f4 0-0 8. Nf3 c5 9. Qd2 Nc6 10. dxc5 Nxc5 11. 0-0-0 a6 12. Bd3 b5 13. Qe3 f6 14. exf6 Rxf6 15. g4 Qd6 16. Ne2 Bd7 17. g5 Rff8 18. Ne5 b4 19. Bxh7+ Kxh7 20. Qh3+ Kg8 21. g6 Rfb8 22. Nf7 Qc7 23. Qh8# 1-0

[Event "Wch FIDE Online U12 America qual"]
[Site "Tornelo INT"]
[Date "2020.12.02"]
[Round "3"]
[White "Xie, Bryan"]
[Black "Petti, Luca Giovanni"]
[Result "1-0"]
[WhiteElo "2050"]
[BlackElo "1334"]
[PlyCount "85"]
[EventDate "2020.12.01"]
[EventType "swiss (rapid)"]
[EventRounds "7"]
[EventCountry "ISS"]
[SourceTitle "EXT 2022"]
[Source "ChessBase"]
[SourceDate "2021.10.06"]
[SourceVersion "1"]
[SourceVersionDate "2021.10.06"]
[SourceQuality "1"]

1. d4 Nf6 2. Nf3 e6 3. Bf4 d5 4. e3 c5 5. Nbd2 Nc6 6. c3 Bd6 7. Bg3 Qe7 8. Bd3 e5 9. dxe5 Nxe5 10. Nxe5 Bxe5 11. Nf3 Bc7 12. Bc2 0-0 13. Qd3 g6 14. Qd2 Be6 15. Bh4 Kg7 16. 0-0-0 b5 17. Ng5 b4 18. cxb4 cxb4 19. Qd4 Bb6 20. Qe5 Bc7 21. Qd4 Bb6 22. Qf4 Bc7 23. Nxe6+ fxe6 24. Qd4 Bb6 25. Qd2 Rac8 26. Kb1 a5 27. Rc1 Qd7 28. e4 d4 29. e5 Nd5 30. Bd3 a4 31. Rxc8 Rxc8 32. Rc1 Nc3+ 33. bxc3 dxc3 34. Qd1 Bd4 35. Bf6+ Kg8 36. Bc2 Ra8 37. Qg4 Rb8 38. Bxg6 hxg6 39. Qxg6+ Kf8 40. Qh6+ Ke8 41. Qh8+ Kf7 42. Qg7+ Ke8 43. Qg8# 1-0

[Event "South America-ch U12 16th"]
[Site "Buenos Aires"]
[Date "2019.12.06"]
[Round "9.9"]
[White "Sarda, Pedro Sada"]
[Black "Petti, Luca Giovanni"]
[Result "1-0"]
[WhiteElo "1488"]
[BlackElo "1661"]
[PlyCount "47"]
[EventDate "2019.12.01"]
[EventType "swiss"]
[EventRounds "9"]
[EventCountry "ARG"]
[SourceTitle "EXT 2024"]
[Source "ChessBase"]
[SourceDate "2023.10.10"]
[SourceVersion "1"]
[SourceVersionDate "2023.10.10"]
[SourceQuality "1"]

1. e4 e5 2. d4 exd4 3. Nf3 Nc6 4. Nxd4 Nf6 5. Nxc6 bxc6 6. Bd3 Bc5 7. 0-0 d6 8. Bg5 0-0 9. Nc3 Re8 10. Kh1 d5 11. f4 dxe4 12. Nxe4 Be7 13. Qe1 h6 14. Bxf6 gxf6 15. Qg3+ Kh8 16. Qh4 Kg7 17. Rf3 f5 18. Rg3+ Kh7 19. Ng5+ Bxg5 20. fxg5 Qd6 21. Rg1 Rb8 22. gxh6 Rg8 23. Rxg8 Kxg8 24. Qg5+ 1-0

[Event "Concepcion del Uruguay op"]
[Site "Concepcion del Uruguay"]
[Date "2019.05.05"]
[Round "5"]
[White "Ledesma, Israel"]
[Black "Petti, Luca Giovanni"]
[Result "1-0"]
[WhiteElo "1881"]
[BlackElo "1604"]
[PlyCount "57"]
[EventDate "2019.05.03"]
[EventType "swiss"]
[EventRounds "6"]
[EventCountry "ARG"]
[SourceTitle "CBM 190 Extra"]
[Source "ChessBase"]
[SourceDate "2019.07.15"]
[SourceVersion "1"]
[SourceVersionDate "2019.07.15"]
[SourceQuality "1"]

1. d4 Nf6 2. Nf3 e6 3. e3 d5 4. Bd3 Bd6 5. Nbd2 Nbd7 6. 0-0 0-0 7. b3 e5 8. dxe5 Nxe5 9. Be2 Ne4 10. Bb2 Nxd2 11. Qxd2 Nxf3+ 12. Bxf3 c6 13. c4 dxc4 14. Rfd1 Be7 15. Qc3 Bf6 16. Rxd8 Bxc3 17. Rxf8+ Kxf8 18. Bxc3 cxb3 19. axb3 Be6 20. b4 Rd8 21. Rxa7 Rd3 22. Bd4 Rb3 23. h3 Ke8 24. Rxb7 Bd7 25. Bxg7 Kd8 26. Be5 Be6 27. Bxc6 Rd3 28. Rb8+ Ke7 29. Re8# 1-0

[Event "ARG-ch U12"]
[Site "Buenos Aires"]
[Date "2019.03.04"]
[Round "7.2"]
[White "Petti, Luca Giovanni"]
[Black "Najurieta Cano, Tiziano"]
[Result "1-0"]
[WhiteElo "1540"]
[BlackElo "1478"]
[PlyCount "59"]
[EventDate "2019.03.01"]
[EventType "swiss"]
[EventRounds "9"]
[EventCountry "ARG"]
[SourceTitle "EXT 2024"]
[Source "ChessBase"]
[SourceDate "2023.10.10"]
[SourceVersion "1"]
[SourceVersionDate "2023.10.10"]
[SourceQuality "1"]

1. e4 c5 2. Nf3 Nc6 3. d4 cxd4 4. Nxd4 g6 5. Nc3 Bg7 6. Nb3 Nf6 7. g4 0-0 8. g5 Ne8 9. h4 d6 10. h5 Nc7 11. hxg6 hxg6 12. f4 Ne6 13. f5 Nc5 14. Qg4 Nb4 15. Qh4 Re8 16. Qh7+ Kf8 17. Rh2 a5 18. fxg6 Nxe4 19. gxf7 Nf6 20. gxf6 exf6+ 21. fxe8Q+ Qxe8+ 22. Re2 Qc6 23. Bh6 Bxh6 24. Qxh6+ Kf7 25. 0-0-0 Bg4 26. Qh7+ Kf8 27. Re7 Nxa2+ 28. Nxa2 Qxc2+ 29. Kxc2 Bf5+ 30. Qxf5 1-0

[Event "ARG-ch U12"]
[Site "Buenos Aires"]
[Date "2019.03.01"]
[Round "1.4"]
[White "Petti, Luca Giovanni"]
[Black "Villanueva, Facundo"]
[Result "1-0"]
[WhiteElo "1540"]
[BlackElo "1124"]
[PlyCount "71"]
[EventDate "2019.03.01"]
[EventType "swiss"]
[EventRounds "9"]
[EventCountry "ARG"]
[SourceTitle "EXT 2024"]
[Source "ChessBase"]
[SourceDate "2023.10.10"]
[SourceVersion "1"]
[SourceVersionDate "2023.10.10"]
[SourceQuality "1"]

1. e4 e5 2. Nf3 Nc6 3. Bc4 Bc5 4. c3 h6 5. b4 Bb6 6. b5 Na5 7. Nxe5 Nxc4 8. Nxc4 d6 9. Nxb6 axb6 10. d3 Bd7 11. c4 Qf6 12. d4 c5 13. Bb2 Qg6 14. 0-0 Bh3 15. Qf3 Bg4 16. Qe3 Nf6 17. Nd2 0-0 18. Kh1 cxd4 19. Bxd4 Nd7 20. h3 Be6 21. f4 f5 22. e5 dxe5 23. fxe5 Qg5 24. Qxg5 hxg5 25. Rfc1 Ra3 26. Nf3 g4 27. hxg4 fxg4 28. Ng5 Bf5 29. e6 Nc5 30. Bxc5 bxc5 31. Rd1 Rd3 32. a4 Re8 33. Rxd3 Bxd3 34. Rc1 Bf5 35. a5 Bxe6 36. Re1 1-0